00820nam a2200241 a 450000100060000000300080000600500170001400800410003103500190007204000530009104100080014407000240015208200250017610000390020124500790024025000170031926000760033630000310041250400360044365000170047965000410049670000410053773563BD-RjUL20211209082418.0170604s19591947us a b 001 0 eng d a(BD-RjUL)73781 aU.S. Nat'l Agr. LibrcWSUdSER/EUXdBD-RjULbeng aeng1 a99.45T4FbEd.2 1947 a634.95223bTOF 19591 aToumey, James William,d1865-1932.10aFoundations of silviculture upon an ecological basis /cby James W. Toumey a2nd ed. rev. aNew York :bJ. Wiley ;aLondon :bChapman & Hall,c1947 [printing 1959] axxi, 468 p :bill ;c24 cm aIncludes bibliography and index 0asilviculture 0aForests and forestryzUnited States.1 aKorstian, Clarence Ferdinand,d1889-